banner-ar

A T M: SOLUTIONS FOR ENTERPRISE INTERNET WORKING / (Record no. 14407)

MARC details
000 -الفاتح
حقل البيانات ثابتة الطول 00637nam a2200229Ia 4500
008 - عناصر البيانات ثابتة الطول - معلومات عامة
حقل البيانات ثابتة الطول 140319s9999 xx 000 0 eng d
040 ## - مصدر الفهرسة
وكالة الفهرسة الأصلية GCL /
وكالة النسخ GCL
082 04 - رقم تصنيف ديوى العشرى
رقم التصنيف 004.67
رقم المادة G A
100 1# - المدخل الرئيسى - إسم شخصى
الإسم الشخصى GINSBURG, DAVID
245 10 - بيان العنوان
العنوان A T M: SOLUTIONS FOR ENTERPRISE INTERNET WORKING /
بيان المسئوليه,etc GINSBURG, DAVID
260 ## - PUBLICATION, DISTRIBUTION, ETC. (IMPRINT)
تاريخ النشر أو التوزيع 1996
300 ## - الوصف المادى
التعداد 569 P
650 04 - المدخل الاضافى بالموضوع-مصطلح موضوعى
مصطلح موضوعي شعر الحرب
650 04 - المدخل الاضافى بالموضوع-مصطلح موضوعى
مصطلح موضوعي WORLD WIDE WEB
650 04 - المدخل الاضافى بالموضوع-مصطلح موضوعى
مصطلح موضوعي INFORMATION SYSTEMS
650 04 - المدخل الاضافى بالموضوع-مصطلح موضوعى
مصطلح موضوعي DATA PROCESSING
650 04 - المدخل الاضافى بالموضوع-مصطلح موضوعى
مصطلح موضوعي NET WORK
650 04 - المدخل الاضافى بالموضوع-مصطلح موضوعى
مصطلح موضوعي INTERNET
650 04 - المدخل الاضافى بالموضوع-مصطلح موضوعى
مصطلح موضوعي INTERNET COMMUMCATIONS
942 ## - عناصر المدخل الإضافي( كوها)
مصدر التصنيف او مخطط الترفيف Dewey Decimal Classification
Koha [default] item type كتاب
260 ## - PUBLICATION, DISTRIBUTION, ETC. (IMPRINT)
-- [S.N] :
-- ADDISON - WESLEY PUBLISHING COMPANY ،
Holdings
حالة التراجع حالة الفقد حالة تلف ليس للاعارة المكان المؤقت الموقع الحالى تاريخ الاكتساب اجمالي اﻻعارات رقم الطلب الباركود تاريخ اخر مشاهدة تاريخ تفعيل السعر نوع وعاء كوها
        مكتبة القاهرة الكبرى مكتبة القاهرة الكبرى 03/26/2014   004.67\G A 27060 03/26/2014 03/26/2014 كتاب

Powered By

EGPV